|
|
|
|
| LEADER |
00971nam a22002537a 4500 |
| 001 |
6004 |
| 003 |
BD-DhAAL |
| 005 |
20150105104627.0 |
| 008 |
150105s1995 bg ||||| |||| 00| 0 ben d |
| 020 |
|
|
|a 9844450769
|
| 040 |
|
|
|a BD-DhAAL
|c BD-DhAAL
|
| 082 |
|
|
|2 22
|a 330.95492
|
| 100 |
|
|
|a মাহবুব - উল-হক
|9 7088
|
| 245 |
|
|
|a উন্নয়ন অন্বেষণ /
|c মাহবুব - উল-হক
|
| 246 |
|
|
|a Quest for development
|
| 260 |
|
|
|a ঢাকা :
|b পালক পাবলিশার্স,
|c ১৯৯৫
|
| 300 |
|
|
|a ১২৮ পৃ. :
|c ২২ সে. মি.
|
| 504 |
|
|
|a তথ্যপঞ্জি (১২৮ পৃ.)
|
| 541 |
|
|
|e 6004
|
| 650 |
|
|
|a Economic development
|z Bangladesh
|9 7089
|
| 852 |
|
|
|a Ayesha Abed Library
|
| 942 |
|
|
|2 ddc
|c BK
|
| 999 |
|
|
|c 33382
|d 33382
|
| 952 |
|
|
|0 0
|1 0
|2 ddc
|4 0
|6 330_954920000000000_MAH
|7 0
|9 44620
|a BRACUL
|b BRACUL
|c GEN
|d 2015-01-05
|l 0
|o 330.95492 MAH
|p 3010006004
|r 2015-01-05
|t 1
|w 2015-01-05
|y BK
|